| 000 | 00459nam a22001817a 4500 | ||
|---|---|---|---|
| 003 | OSt | ||
| 005 | 20250628133128.0 | ||
| 008 | 250628b |||||||| |||| 00| 0 eng d | ||
| 020 | _a978-93-91019-18-1 | ||
| 040 | _cSBCL | ||
| 082 |
_a332.4019 _bHOU-P |
||
| 100 | _aHousel,Morgan | ||
| 245 | _aPanathinte Manasasthram | ||
| 260 |
_aMumbai _bMorgan Housel _c2025 |
||
| 300 | _a262p. | ||
| 650 |
_2 Social sciences _a Financial economics |
||
| 942 | _cBOOK | ||
| 999 |
_c137167 _d137167 |
||